[Event "22. Copenhagen Open  (Politiken Cup)"]
[Site "Copenhagen"]
[Date "2000.07.20"]
[Round "4"]
[White "Petersen, Nils"]
[Black "Brondum, Eric"]
[Result "1/2-1/2"]
[WhiteElo "2038"]
[BlackElo "2230"]
[PlyCount "26"]
[EventDate "2000.07.17"]
[EventType "swiss"]
[EventRounds "11"]
[EventCountry "DEN"]
[SourceDate "2004.01.01"]

1. c4 b6 2. e4 e6 3. d4 Bb7 4. d5 Bc5 5. g3 f5 6. f3 fxe4 7. fxe4 Qf6 8. Nh3
Ne7 9. Bg2 exd5 10. cxd5 Ba6 11. Nc3 Ng6 12. Bg5 Qf7 13. Bf4 O-O $11 1/2-1/2

[Event "22. Copenhagen Open  (Politiken Cup)"]
[Site "Copenhagen"]
[Date "2000.07.20"]
[Round "4"]
[White "Petersen, Steen"]
[Black "Pedersen, Christian Kyndel"]
[Result "1-0"]
[WhiteElo "2162"]
[BlackElo "2127"]
[PlyCount "87"]
[EventDate "2000.07.17"]
[EventType "swiss"]
[EventRounds "11"]
[EventCountry "DEN"]
[SourceDate "2004.01.01"]

1. d4 Nf6 2. c4 g6 3. Nc3 Bg7 4. e4 d6 5. f3 c6 6. Be3 a6 7. Qd2 b5 8. h4 h5 9.
O-O-O Qa5 10. Kb1 Nbd7 11. Nh3 Rb8 12. Nf4 b4 13. Nce2 c5 14. Nh3 Nb6 15. Nc1
Na4 16. Nb3 Qc7 17. dxc5 Bxh3 18. cxd6 Qxd6 19. Qxd6 exd6 20. Rxh3 Nxb2 21.
Kxb2 Ng4+ 22. Bd4 Nf2 23. Bxg7 Nxd1+ 24. Kc1 Rh7 25. Bd4 Nc3 26. Bxc3 bxc3 27.
f4 f6 28. Rxc3 a5 29. Nd4 Rhb7 30. Rb3 Rb4 31. Nb5 Ke7 32. Kc2 Rxb3 33. Kxb3 g5
34. fxg5 fxg5 35. hxg5 Rf8 36. Be2 h4 37. Nd4 Rf2 38. Bf3 Kf7 39. Bh5+ Kg8 40.
Bf3 Kf7 41. a3 Rd2 42. Kc3 Rf2 43. Nf5 h3 44. Bh5+ 1-0

[Event "22. Copenhagen Open  (Politiken Cup)"]
[Site "Copenhagen"]
[Date "2000.07.20"]
[Round "4"]
[White "Petersen, Steffen"]
[Black "Antonsen, Mikkel"]
[Result "0-1"]
[WhiteElo "2121"]
[BlackElo "2377"]
[PlyCount "76"]
[EventDate "2000.07.17"]
[EventType "swiss"]
[EventRounds "11"]
[EventCountry "DEN"]
[SourceDate "2004.01.01"]

1. e4 e6 2. d4 d5 3. exd5 exd5 4. Bf4 Nf6 5. Bd3 c5 6. Nf3 Nc6 7. O-O cxd4 8.
Re1+ Be7 9. c3 dxc3 10. Nxc3 O-O 11. Nb5 Bg4 12. h3 Bh5 13. g4 Bg6 14. Bxg6
hxg6 15. Rc1 Rc8 16. Nbd4 Ne4 17. Nxc6 bxc6 18. Ne5 Bh4 19. Re2 Qf6 20. Nd3
Nxf2 21. Be5 Nxd1 22. Bxf6 Bxf6 23. Rxd1 g5 24. Rc2 a5 25. Rdc1 Bd4+ 26. Kf1
Rfe8 27. Rxc6 Rxc6 28. Rxc6 Re3 29. Rc8+ Kh7 30. Ne1 Rxh3 31. Kg2 Re3 32. Nf3
Re2+ 33. Kg3 Be3 34. Rd8 Bf4+ 35. Kh3 Rf2 36. Nxg5+ Kg6 37. Nf3 Rxf3+ 38. Kg2
Rd3 0-1

[Event "22. Copenhagen Open  (Politiken Cup)"]
[Site "Copenhagen"]
[Date "2000.07.20"]
[Round "4"]
[White "Radovic, Slobodan"]
[Black "Tornerup, John"]
[Result "1/2-1/2"]
[WhiteElo "1389"]
[BlackElo "2020"]
[PlyCount "103"]
[EventDate "2000.07.17"]
[EventType "swiss"]
[EventRounds "11"]
[EventCountry "DEN"]
[SourceDate "2004.01.01"]

1. e4 e5 2. Nc3 Nf6 3. Nf3 Nc6 4. Bb5 Bc5 5. O-O Qe7 6. Bxc6 dxc6 7. Na4 Bd6 8.
d3 Bg4 9. h3 Bh5 10. Be3 b6 11. Qe2 O-O 12. Nc3 Rfe8 13. Bg5 h6 14. Bh4 Qe6 15.
Bxf6 Qxf6 16. g4 Bg6 17. Kg2 Qf4 18. Nh4 Bh7 19. Rae1 g5 20. Nf5 Bxf5 21. gxf5
Qh4 22. Qg4 Qxg4+ 23. hxg4 f6 24. Rh1 Kg7 25. Rh3 Bb4 26. Reh1 Bxc3 27. bxc3
Rh8 28. d4 Rad8 29. Rd3 exd4 30. cxd4 Rhe8 31. Re1 Kf7 32. Kg3 Rd5 33. f4 gxf4+
34. Kxf4 Ra5 35. a3 Ra4 36. e5 fxe5+ 37. Rxe5 Rd8 38. Re4 Rc4 39. c3 c5 40. d5
Rxe4+ 41. Kxe4 Kf6 42. Kf4 c4 43. Rd4 b5 44. Re4 Rd6 45. a4 a6 46. a5 c6 47.
Re6+ Rxe6 48. dxe6 c5 49. Ke3 b4 50. Kd2 Ke7 51. Kc2 Kd6 52. Kb2 1/2-1/2

[Event "22. Copenhagen Open  (Politiken Cup)"]
[Site "Copenhagen"]
[Date "2000.07.20"]
[Round "4"]
[White "Rasmussen, Allan Stig"]
[Black "Paaske, Asger"]
[Result "1-0"]
[WhiteElo "2199"]
[BlackElo "2038"]
[PlyCount "75"]
[EventDate "2000.07.17"]
[EventType "swiss"]
[EventRounds "11"]
[EventCountry "DEN"]
[SourceDate "2004.01.01"]

1. e4 c5 2. d3 g6 3. Be3 Bg7 4. c3 b6 5. d4 Bb7 6. f3 Qc7 7. a4 e6 8. Na3 d5 9.
Nb5 Qe7 10. e5 c4 11. b3 cxb3 12. Bc1 Nc6 13. Nd6+ Kd8 14. Ba3 Qd7 15. Qxb3 Nh6
16. Bc1 Nf5 17. Bg5+ Kc7 18. Nb5+ Kb8 19. g4 Na5 20. Qc2 Ne7 21. Bd3 h5 22. h4
Bc6 23. Ne2 Bxb5 24. axb5 Kb7 25. Ng3 Rac8 26. gxh5 gxh5 27. O-O Bh6 28. f4
Rcg8 29. Kh2 Ng6 30. Kh3 Kb8 31. Rf2 Qc7 32. Bxh6 Rxh6 33. f5 Nf8 34. Raf1 Nc4
35. Qc1 Nxe5 36. dxe5 Qxe5 37. Rf3 Nd7 38. Qxh6 1-0

[Event "22. Copenhagen Open  (Politiken Cup)"]
[Site "Copenhagen"]
[Date "2000.07.20"]
[Round "4"]
[White "Resika, Nathan A"]
[Black "Preuss, Flemming"]
[Result "1-0"]
[WhiteElo "2267"]
[BlackElo "2072"]
[PlyCount "63"]
[EventDate "2000.07.17"]
[EventType "swiss"]
[EventRounds "11"]
[EventCountry "DEN"]
[SourceDate "2004.01.01"]

1. e4 c5 2. Nf3 Nc6 3. d4 cxd4 4. Nxd4 g6 5. c4 Nf6 6. Nc3 Nxd4 7. Qxd4 Bg7 8.
Be3 O-O 9. Qd2 d6 10. Be2 Bd7 11. O-O Bc6 12. f3 a6 13. Rfd1 Rc8 14. Rac1 Nd7
15. b3 Re8 16. Nd5 b6 17. Bf1 a5 18. Qf2 Bxd5 19. cxd5 Rxc1 20. Rxc1 Nc5 21.
Bb5 Rf8 22. Qc2 e6 23. dxe6 fxe6 24. a3 Be5 25. b4 axb4 26. axb4 Qh4 27. g3
Bxg3 28. hxg3 Qxg3+ 29. Qg2 Rxf3 30. bxc5 bxc5 31. Qxg3 Rxg3+ 32. Kf2 1-0

[Event "22. Copenhagen Open  (Politiken Cup)"]
[Site "Copenhagen"]
[Date "2000.07.20"]
[Round "4"]
[White "Rossen, Claus"]
[Black "Berg, Olaf"]
[Result "1-0"]
[WhiteElo "2167"]
[BlackElo "1795"]
[PlyCount "75"]
[EventDate "2000.07.17"]
[EventType "swiss"]
[EventRounds "11"]
[EventCountry "DEN"]
[SourceDate "2004.01.01"]

1. e4 c5 2. Nc3 d6 3. f4 Nc6 4. Nf3 g6 5. Bc4 Bg7 6. O-O e6 7. Qe1 Nge7 8. Bb3
Nd4 9. Nxd4 Bxd4+ 10. Kh1 Bxc3 11. dxc3 b5 12. c4 b4 13. c3 a5 14. cxb4 axb4
15. Bc2 Bb7 16. f5 e5 17. Bg5 Qd7 18. Qh4 gxf5 19. exf5 Qc6 20. Rf2 b3 21. Bxb3
Nxf5 22. Qh5 h6 23. Bc2 Rg8 24. Bxf5 Rxg5 25. Qh3 Ke7 26. Bg4 Rag8 27. Bf3 e4
28. Re1 Kd8 29. Bxe4 Qe8 30. Qd3 Kc7 31. Rfe2 Bc6 32. Bd5 Qa8 33. Re7+ Kd8 34.
Qb3 Re5 35. R7xe5 dxe5 36. Rxe5 Re8 37. Qb6+ Kd7 38. Bxc6+ 1-0

[Event "22. Copenhagen Open  (Politiken Cup)"]
[Site "Copenhagen"]
[Date "2000.07.20"]
[Round "4"]
[White "Rubeksen, Thomas Hans"]
[Black "Trarup, Jorgen"]
[Result "1-0"]
[WhiteElo "1210"]
[BlackElo "1309"]
[PlyCount "119"]
[EventDate "2000.07.17"]
[EventType "swiss"]
[EventRounds "11"]
[EventCountry "DEN"]
[SourceDate "2004.01.01"]

1. e4 c5 2. Nf3 Nc6 3. c3 e6 4. d4 cxd4 5. Nxd4 Be7 6. Nxc6 dxc6 7. Qxd8+ Bxd8
8. f3 Bh4+ 9. g3 Bf6 10. f4 h6 11. e5 Bd8 12. Be3 Ne7 13. Bg2 Nf5 14. Bf2 Bb6
15. Bxb6 axb6 16. Kf2 O-O 17. Rd1 Ne7 18. c4 b5 19. cxb5 cxb5 20. Nc3 b4 21.
Nb5 Ra5 22. Nd6 b6 23. Nc4 Rc5 24. Rac1 Nd5 25. Bxd5 exd5 26. Nxb6 Rxc1 27.
Rxc1 Be6 28. Kf3 Rb8 29. Rc6 d4 30. b3 d3 31. Rd6 h5 32. Ke3 Bf5 33. Nd5 Be6
34. Kxd3 Bxd5 35. Rxd5 Ra8 36. Kc4 Rxa2 37. h4 Re2 38. Kxb4 Re4+ 39. Kc3 Re3+
40. Rd3 Re2 41. b4 f6 42. exf6 gxf6 43. b5 Kf8 44. b6 Re7 45. Kc4 Ke8 46. Kc5
Re1 47. Kc6 Rc1+ 48. Kb7 Ke7 49. Kb8 Ke8 50. b7 Ke7 51. Rd5 Rc3 52. Rxh5 Rxg3
53. Rh7+ Kd8 54. h5 Rf3 55. h6 Rxf4 56. Rf7 Ke8 57. h7 Rh4 58. Rg7 Kf8 59. Rg8+
Kf7 60. h8=Q 1-0

[Event "22. Copenhagen Open  (Politiken Cup)"]
[Site "Copenhagen"]
[Date "2000.07.20"]
[Round "4"]
[White "Rytter, Morten"]
[Black "Jessen, Simon Pind"]
[Result "0-1"]
[WhiteElo "1576"]
[BlackElo "2126"]
[PlyCount "90"]
[EventDate "2000.07.17"]
[EventType "swiss"]
[EventRounds "11"]
[EventCountry "DEN"]
[SourceDate "2004.01.01"]

1. d4 d5 2. c4 c6 3. Nc3 Nf6 4. Nf3 g6 5. Bf4 Bg7 6. e3 O-O 7. Bd3 a6 8. c5 Bg4
9. h3 Bxf3 10. Qxf3 Nbd7 11. O-O Re8 12. b4 e5 13. dxe5 Nxe5 14. Bxe5 Rxe5 15.
Rad1 Qe7 16. Ne2 Ne8 17. Nd4 Nc7 18. Nb3 Nb5 19. Rc1 Qh4 20. Na5 Re7 21. Bxb5
axb5 22. Rb1 Qg5 23. Rfc1 Qe5 24. a3 Bf6 25. Rc2 Rd7 26. Qg4 Qe6 27. Qxe6 fxe6
28. Ra2 e5 29. Rd1 Be7 30. Kf1 Bxc5 31. Rdd2 Be7 32. Ke2 c5 33. Rdb2 c4 34. Rc2
Bd8 35. a4 bxa4 36. Rxa4 b6 37. Rca2 bxa5 38. bxa5 Ra6 39. e4 d4 40. Rxc4 Rxa5
41. Rxa5 Bxa5 42. Rc5 d3+ 43. Kd1 Bb6 44. Rxe5 Bxf2 45. Kd2 Be3+ 0-1

[Event "22. Copenhagen Open  (Politiken Cup)"]
[Site "Copenhagen"]
[Date "2000.07.20"]
[Round "4"]
[White "Schmidt, Horst"]
[Black "Zyde, Fadmal"]
[Result "1-0"]
[WhiteElo "2025"]
[BlackElo "1619"]
[PlyCount "75"]
[EventDate "2000.07.17"]
[EventType "swiss"]
[EventRounds "11"]
[EventCountry "DEN"]
[SourceDate "2004.01.01"]

1. d4 d5 2. Nf3 Nf6 3. e3 Nc6 4. c4 Bg4 5. cxd5 Nxd5 6. Bc4 Qd6 7. Nc3 Nxc3 8.
bxc3 Qf6 9. Be2 e6 10. O-O Bd6 11. e4 e5 12. d5 Bxf3 13. Bxf3 Ne7 14. Qa4+ c6
15. c4 O-O 16. Be3 cxd5 17. cxd5 b6 18. Rac1 Ng6 19. Rfe1 Qe7 20. Bg4 Rfd8 21.
g3 h6 22. Re2 Nf8 23. Rec2 Kh7 24. Qa6 Rab8 25. a4 Ba3 26. Rc7 Qb4 27. R1c4
Qb1+ 28. Kg2 Bc5 29. Bxc5 bxc5 30. Qxa7 Qd3 31. Bf5+ Kh8 32. Qxc5 Rb1 33. Rc1
g6 34. Rxb1 Qxb1 35. Rxf7 Kg8 36. Rxf8+ Rxf8 37. Be6+ Kg7 38. Qe7+ 1-0

[Event "22. Copenhagen Open  (Politiken Cup)"]
[Site "Copenhagen"]
[Date "2000.07.20"]
[Round "4"]
[White "Schonberg, Niels Peder"]
[Black "Karlstrom, Henrik"]
[Result "0-1"]
[WhiteElo "1198"]
[BlackElo "1296"]
[PlyCount "86"]
[EventDate "2000.07.17"]
[EventType "swiss"]
[EventRounds "11"]
[EventCountry "DEN"]
[SourceDate "2004.01.01"]

1. d4 Nf6 2. Bf4 e6 3. Nf3 b6 4. a3 Bb7 5. Nbd2 Be7 6. e3 Nd5 7. Bg3 O-O 8. c4
Nf6 9. Qc2 d5 10. c5 h6 11. b4 bxc5 12. bxc5 c6 13. Rb1 Ba6 14. Rxb8 Rxb8 15.
Bxb8 Bxf1 16. Nxf1 Qa5+ 17. N1d2 Rxb8 18. O-O Qxa3 19. Rb1 Rc8 20. Rb7 Kf8 21.
h3 Qa5 22. Ne5 g5 23. g4 Rc7 24. Rb8+ Kg7 25. Ndf3 Nd7 26. Nxd7 Rxd7 27. Ne5
Rc7 28. Kg2 Bf6 29. Nf3 Qa6 30. Rb1 Qc8 31. h4 gxh4 32. Rh1 Qd8 33. Kh3 Rb7 34.
e4 Bg5 35. Ne5 Qc7 36. exd5 exd5 37. f3 Bf6 38. Qf5 Bxe5 39. dxe5 Qe7 40. Rc1
Rb3 41. Qf4 Qg5 42. Qxg5+ hxg5 43. Rf1 Rc3 0-1

[Event "22. Copenhagen Open  (Politiken Cup)"]
[Site "Copenhagen"]
[Date "2000.07.20"]
[Round "4"]
[White "Schonberg, Pauli"]
[Black "Malvild, Robert"]
[Result "0-1"]
[WhiteElo "1504"]
[BlackElo "2029"]
[PlyCount "36"]
[EventDate "2000.07.17"]
[EventType "swiss"]
[EventRounds "11"]
[EventCountry "DEN"]
[SourceDate "2004.01.01"]

1. e4 d5 2. exd5 Nf6 3. c4 e6 4. b4 exd5 5. c5 a5 6. Qe2+ Be7 7. Bb2 O-O 8. Qb5
axb4 9. Qxb4 Re8 10. Be2 Na6 11. Qc3 Bxc5 12. Qg3 Nb4 13. Kd1 Bf5 14. d3 Rxe2
15. Nxe2 Nxd3 16. Bd4 Bxd4 17. Nxd4 Ne4 18. Rf1 Nxg3 0-1

[Event "22. Copenhagen Open  (Politiken Cup)"]
[Site "Copenhagen"]
[Date "2000.07.20"]
[Round "4"]
[White "Simonsen, Olavur"]
[Black "Wiman, Kenneth"]
[Result "1-0"]
[WhiteElo "2183"]
[BlackElo "1895"]
[PlyCount "75"]
[EventDate "2000.07.17"]
[EventType "swiss"]
[EventRounds "11"]
[EventCountry "DEN"]
[SourceDate "2004.01.01"]

1. e4 e6 2. d4 d5 3. e5 b6 4. Nf3 Ba6 5. Bxa6 Nxa6 6. Qe2 Nb8 7. O-O Ne7 8. Bg5
Qd7 9. Nbd2 Nbc6 10. c3 Ng6 11. Rfd1 Be7 12. Nf1 h6 13. Bc1 Na5 14. Ne1 c5 15.
Ng3 c4 16. Nh5 O-O-O 17. Nc2 Kb7 18. Nxg7 Rdg8 19. Nh5 Nh4 20. g3 Nf5 21. Ne3
Nxe3 22. Bxe3 Qd8 23. Kh1 Rg6 24. Rf1 Qg8 25. f3 Nc6 26. b3 Na5 27. Qc2 f5 28.
exf6 Bxf6 29. Bf4 Bd8 30. Be5 Rh7 31. Nf4 Rhg7 32. Bxg7 Rxg7 33. Rae1 Re7 34.
b4 Nc6 35. Qg6 Qxg6 36. Nxg6 Re8 37. Nf4 Bg5 38. Nxd5 1-0

[Event "22. Copenhagen Open  (Politiken Cup)"]
[Site "Copenhagen"]
[Date "2000.07.20"]
[Round "4"]
[White "Skytte, Rasmus"]
[Black "Mortensen, Henrik"]
[Result "1-0"]
[WhiteElo "2323"]
[BlackElo "2089"]
[PlyCount "57"]
[EventDate "2000.07.17"]
[EventType "swiss"]
[EventRounds "11"]
[EventCountry "DEN"]
[SourceDate "2004.01.01"]

1. e4 c6 2. d4 d5 3. Nd2 dxe4 4. Nxe4 Nd7 5. Bc4 e6 6. Nf3 Be7 7. Qe2 h6 8. Bd2
Ngf6 9. O-O-O Qc7 10. g3 Nxe4 11. Qxe4 Nf6 12. Qe2 b6 13. Ne5 O-O 14. g4 Bb7
15. Rhg1 Nd5 16. Bd3 Bg5 17. Qe4 Nf6 18. Qe1 Bxd2+ 19. Qxd2 Nd5 20. g5 h5 21.
c4 c5 22. cxd5 cxd4+ 23. Nc6 exd5 24. g6 Qxc6+ 25. Kb1 Qf6 26. Qe2 Bc8 27. Qxh5
fxg6 28. Rxg6 Qf7 29. Rdg1 1-0

[Event "22. Copenhagen Open  (Politiken Cup)"]
[Site "Copenhagen"]
[Date "2000.07.20"]
[Round "4"]
[White "Jensen, Kasper Smith"]
[Black "Mashiri, Arthur"]
[Result "1/2-1/2"]
[WhiteElo "2157"]
[BlackElo "2045"]
[PlyCount "31"]
[EventDate "2000.07.17"]
[EventType "swiss"]
[EventRounds "11"]
[EventCountry "DEN"]
[SourceDate "2004.01.01"]

1. e4 c5 2. Nf3 Nc6 3. d4 cxd4 4. Nxd4 Nf6 5. Nc3 e5 6. Ndb5 d6 7. Bg5 a6 8.
Bxf6 gxf6 9. Na3 b5 10. Nd5 f5 11. exf5 Bxf5 12. c3 Be6 13. g3 Bxd5 14. Qxd5
Ne7 15. Qd2 Qb6 16. Bg2 1/2-1/2

[Event "22. Copenhagen Open  (Politiken Cup)"]
[Site "Copenhagen"]
[Date "2000.07.20"]
[Round "4"]
[White "Thomsen, Heinrich Kirch"]
[Black "Jacobsen, Jesper Howalt"]
[Result "1-0"]
[WhiteElo "1432"]
[BlackElo "1289"]
[PlyCount "103"]
[EventDate "2000.07.17"]
[EventType "swiss"]
[EventRounds "11"]
[EventCountry "DEN"]
[SourceDate "2004.01.01"]

1. e4 c5 2. Nf3 g6 3. d4 cxd4 4. Nxd4 Bg7 5. Nc3 d6 6. Be3 Nf6 7. f3 Nbd7 8.
Qd2 a6 9. O-O-O Ne5 10. h4 Bd7 11. Kb1 Nc6 12. g4 Qa5 13. h5 O-O-O 14. h6 Bf8
15. Nb3 Qc7 16. Na4 Re8 17. Nb6+ Kb8 18. g5 Ng8 19. Nc5 Bc8 20. Nb3 f5 21. Nd4
Nxd4 22. Qxd4 e5 23. Qa4 Rd8 24. Rd5 f4 25. Bf2 Ne7 26. Rd3 Bd7 27. Qa3 Bb5 28.
Rc3 Nc6 29. Bxb5 d5 30. Bc5 Bxc5 31. Qxc5 axb5 32. exd5 b4 33. Rc4 Qd6 34.
Qxd6+ Rxd6 35. dxc6 Kc7 36. Na4 b5 37. Rxb4 bxa4 38. Rxa4 Rhd8 39. c3 Kxc6 40.
Ra6+ Kb5 41. Rxd6 Rxd6 42. Re1 Rd5 43. Re4 Kc6 44. c4 Rd1+ 45. Kc2 Rf1 46. Rxe5
Rxf3 47. Re7 Rg3 48. Rxh7 f3 49. Rf7 Rg2+ 50. Kc3 f2 51. h7 Rh2 52. Rxf2 1-0

[Event "22. Copenhagen Open  (Politiken Cup)"]
[Site "Copenhagen"]
[Date "2000.07.20"]
[Round "4"]
[White "Tjornsted, Peter"]
[Black "McShane, Rod"]
[Result "1-0"]
[WhiteElo "1868"]
[BlackElo "1400"]
[PlyCount "81"]
[EventDate "2000.07.17"]
[EventType "swiss"]
[EventRounds "11"]
[EventCountry "DEN"]
[SourceDate "2004.01.01"]

1. d4 Nf6 2. Nf3 g6 3. Nc3 Bg7 4. e4 d6 5. Be3 O-O 6. h3 Nbd7 7. Qd2 b6 8. Bh6
Bb7 9. Bxg7 Kxg7 10. Bd3 e5 11. O-O exd4 12. Nxd4 Ne5 13. f3 c5 14. Ndb5 a6 15.
Na3 b5 16. Nd1 Nxd3 17. Qxd3 Qb6 18. c4 b4 19. Nc2 Nd7 20. Nce3 Ne5 21. Qc2 a5
22. Nf2 a4 23. b3 a3 24. Rad1 Rad8 25. Nd3 f6 26. Nf4 Bc8 27. Ned5 Qa7 28. Qf2
f5 29. exf5 Bxf5 30. Nxb4 Bxh3 31. Nxh3 Qd7 32. Nd5 Nxf3+ 33. gxf3 Qxh3 34. Qg2
Qf5 35. Ne3 Qc8 36. Qg4 Qa8 37. Nd5 h5 38. Qe6 Rf7 39. Rd2 Qb7 40. Rg2 Kh8 41.
Qxg6 1-0

[Event "22. Copenhagen Open  (Politiken Cup)"]
[Site "Copenhagen"]
[Date "2000.07.20"]
[Round "4"]
[White "Tolstrup, Thomas"]
[Black "Manley, Christian"]
[Result "1-0"]
[WhiteElo "1856"]
[BlackElo "1204"]
[PlyCount "85"]
[EventDate "2000.07.17"]
[EventType "swiss"]
[EventRounds "11"]
[EventCountry "DEN"]
[SourceDate "2004.01.01"]

1. Nf3 d5 2. d4 c5 3. dxc5 e6 4. a3 Bxc5 5. e3 Nc6 6. b4 Bd6 7. Bb2 Nf6 8. Nbd2
Be7 9. c4 O-O 10. Be2 Qb6 11. Qb3 Qd8 12. O-O dxc4 13. Nxc4 Nd7 14. Rfd1 Qc7
15. Rac1 Bf6 16. Bxf6 Nxf6 17. Nce5 Bd7 18. b5 Qb6 19. Nxd7 Na5 20. Nxf6+ gxf6
21. Qb4 Nc6 22. bxc6 Qxb4 23. axb4 bxc6 24. Rxc6 Kh8 25. Rd7 Rab8 26. b5 Rfc8
27. Rxc8+ Rxc8 28. Rxa7 Rc1+ 29. Bf1 Rb1 30. Rxf7 Kg8 31. Rxf6 Kg7 32. Rxe6 Kf7
33. Ra6 h5 34. g3 Ke7 35. h4 Kd7 36. Kg2 Kc7 37. Nd4 Kb7 38. Be2 Rb4 39. Bf3+
Kc7 40. Rc6+ Kb8 41. b6 Rb1 42. Rh6 Rb4 43. Rh8# 1-0

[Event "22. Copenhagen Open  (Politiken Cup)"]
[Site "Copenhagen"]
[Date "2000.07.20"]
[Round "4"]
[White "Tozer, Richard"]
[Black "Osttveit, Martin"]
[Result "1-0"]
[WhiteElo "2317"]
[BlackElo "2079"]
[PlyCount "85"]
[EventDate "2000.07.17"]
[EventType "swiss"]
[EventRounds "11"]
[EventCountry "DEN"]
[SourceDate "2004.01.01"]

1. d4 g6 2. c4 Bg7 3. Nc3 Nf6 4. e4 d6 5. Be2 O-O 6. Bg5 Na6 7. Qd2 Qe8 8. f3
c5 9. d5 Nc7 10. Bd3 e6 11. Nge2 b5 12. cxb5 exd5 13. exd5 a6 14. bxa6 Bxa6 15.
Bxa6 Rxa6 16. O-O Qa8 17. Rad1 Qb7 18. f4 Re8 19. Ng3 Ng4 20. f5 Bd4+ 21. Kh1
Nxd5 22. Nxd5 Qxd5 $11 23. h3 Ne5 24. Bf6 Nd7 25. Bxd4 Qxd4 26. Qxd4 cxd4 27.
Rxd4 Rxa2 28. Rxd6 Nc5 29. b4 Na4 30. Rd7 Ra3 31. Kh2 Ree3 32. Nh1 g5 33. Rd8+
Kg7 34. f6+ Kg6 35. Rg8+ Kh5 36. Rf5 h6 37. Rg7 Nb6 38. Nf2 Re2 39. Nh1 Ree3
40. Rf2 Nd5 41. Rxf7 Nf4 42. Rg7 Nxh3 43. gxh3 1-0

[Event "22. Copenhagen Open  (Politiken Cup)"]
[Site "Copenhagen"]
[Date "2000.07.21"]
[Round "5"]
[White "Al Saad, Mofid"]
[Black "Nielsen, Jan Mose"]
[Result "0-1"]
[WhiteElo "1496"]
[BlackElo "2030"]
[PlyCount "60"]
[EventDate "2000.07.17"]
[EventType "swiss"]
[EventRounds "11"]
[EventCountry "DEN"]
[SourceDate "2004.01.01"]

1. Nf3 c5 2. c4 Nf6 3. Nc3 Nc6 4. g3 g6 5. d4 cxd4 6. Nxd4 d6 7. Bg2 Bd7 8. O-O
Bg7 9. e3 Qc8 10. b3 h5 11. Nf3 h4 12. Ng5 hxg3 13. fxg3 Ne5 14. Bb2 Neg4 15.
Nd5 Rxh2 16. Rxf6 Rxg2+ 17. Kxg2 Bxf6 18. Bxf6 Nxf6 19. Nxf6+ exf6 20. Nh7 Bc6+
21. Kh2 Qf5 22. e4 Qf2+ 23. Kh3 O-O-O 24. Qe1 Bd7+ 25. g4 Qxe1 26. Rxe1 Rh8 27.
Kg3 Rxh7 28. Rf1 Be6 29. Rxf6 Rh1 30. Rf2 Rg1+ 0-1

[Event "22. Copenhagen Open  (Politiken Cup)"]
[Site "Copenhagen"]
[Date "2000.07.21"]
[Round "5"]
[White "Andersen, Matias Lolk"]
[Black "Aabling Thomsen, Jakob"]
[Result "0-1"]
[WhiteElo "1096"]
[BlackElo "1589"]
[PlyCount "68"]
[EventDate "2000.07.17"]
[EventType "swiss"]
[EventRounds "11"]
[EventCountry "DEN"]
[SourceDate "2004.01.01"]

1. e4 c5 2. Nf3 Nc6 3. Bc4 e6 4. Nc3 Nge7 5. d3 d5 6. Bb3 d4 7. Ne2 Ng6 8. Ng3
Bd6 9. Ba4 Bd7 10. Bxc6 Bxc6 11. O-O Qc7 12. Re1 O-O 13. Nf1 f5 14. N1d2 Rf7
15. h3 Raf8 16. Qe2 fxe4 17. dxe4 Ne5 18. b3 a6 19. Bb2 Qe7 20. c3 Bb5 21. c4
Be8 22. a4 Qf6 23. Rad1 d3 24. Qe3 Nxf3+ 25. Nxf3 Qxb2 26. e5 Be7 27. Qxd3 Bc6
28. Rd2 Rxf3 29. gxf3 Rxf3 30. Rxb2 Rxd3 31. Re3 Rd1+ 32. Kh2 Bg5 33. Rc3 Bf4+
34. Rg3 Rh1# 0-1

[Event "22. Copenhagen Open  (Politiken Cup)"]
[Site "Copenhagen"]
[Date "2000.07.21"]
[Round "5"]
[White "Andersen, Preben"]
[Black "Molvig, Henrik"]
[Result "1/2-1/2"]
[WhiteElo "2030"]
[BlackElo "2224"]
[PlyCount "64"]
[EventDate "2000.07.17"]
[EventType "swiss"]
[EventRounds "11"]
[EventCountry "DEN"]
[SourceDate "2004.01.01"]

1. e4 c5 2. Nf3 e6 3. Nc3 a6 4. d4 cxd4 5. Nxd4 b5 6. Bd3 Qb6 7. Nf3 d6 8. O-O
Nf6 9. Be3 Qc7 10. Nd2 Bb7 11. a3 Be7 12. f4 Nbd7 13. Be2 O-O 14. Qe1 Nc5 15.
Bf3 Rfd8 16. Qg3 d5 17. e5 Nfe4 18. Bxe4 Nxe4 19. Ndxe4 dxe4 20. f5 exf5 21.
Rxf5 Bc5 22. Raf1 Rf8 23. Kh1 Bxe3 24. Qxe3 Rae8 25. Qg3 Re6 26. Rg5 f6 27.
Rgf5 Rxe5 28. Qxe5 Qxe5 29. Rxe5 fxe5 30. Rxf8+ Kxf8 31. Kg1 Kf7 32. Nd1 Ke6
$11 1/2-1/2

[Event "22. Copenhagen Open  (Politiken Cup)"]
[Site "Copenhagen"]
[Date "2000.07.21"]
[Round "5"]
[White "Auchenberg, Einar"]
[Black "Olsen, Miriam Frida"]
[Result "0-1"]
[WhiteElo "1692"]
[BlackElo "1437"]
[PlyCount "124"]
[EventDate "2000.07.17"]
[EventType "swiss"]
[EventRounds "11"]
[EventCountry "DEN"]
[SourceDate "2004.01.01"]

1. d4 Nf6 2. Nc3 c5 3. Bg5 cxd4 4. Bxf6 gxf6 5. Qxd4 Nc6 6. Qh4 d5 7. O-O-O e6
8. e4 d4 9. Bb5 Be7 10. f4 a6 11. Bxc6+ bxc6 12. Nf3 e5 13. fxe5 fxe5 14. Qh5
Qc7 15. Nxe5 Bf6 16. Nc4 dxc3 17. Nd6+ Kf8 18. e5 cxb2+ 19. Kb1 Bg7 20. Nxf7
Be6 21. Nxh8 Bxh8 22. Rhf1+ Kg8 23. Rd3 Bf7 24. Qg4+ Bg6 25. Qe6+ Bf7 26. Rg3+
Bg7 27. Rxg7+ Kxg7 28. Qf6+ Kg8 29. e6 Bg6 30. e7 Qc8 31. Qg5 Qd7 32. h4 Qd5
33. Qxd5+ cxd5 34. g4 Re8 35. h5 Be4 36. Rf6 Rxe7 37. h6 Rb7 38. Rf2 d4 39. Rd2
a5 40. g5 a4 41. a3 Rb3 42. Rd1 Rxa3 43. Kxb2 Rc3 44. Rxd4 Rxc2+ 45. Ka3 Bc6
46. Rd8+ Kf7 47. Rh8 Be4 48. Kxa4 Rg2 49. Rc8 Rxg5 50. Rc4 Rg4 51. Rc7+ Kg6 52.
Rg7+ Kh5 53. Rxg4 Kxg4 54. Kb3 Kg5 55. Kc3 Kxh6 56. Kd2 Kg5 57. Ke3 Ba8 58. Kf2
Kg4 59. Kg1 h5 60. Kf1 Kg3 61. Kg1 h4 62. Kf1 h3 0-1

[Event "22. Copenhagen Open  (Politiken Cup)"]
[Site "Copenhagen"]
[Date "2000.07.21"]
[Round "5"]
[White "Bekker Jensen, David"]
[Black "Laursen, Niels Norskov"]
[Result "1/2-1/2"]
[WhiteElo "2320"]
[BlackElo "2079"]
[PlyCount "54"]
[EventDate "2000.07.17"]
[EventType "swiss"]
[EventRounds "11"]
[EventCountry "DEN"]
[SourceDate "2004.01.01"]

1. d4 Nf6 2. c4 b6 3. a3 e6 4. d5 Ba6 5. e3 exd5 6. cxd5 Bxf1 7. Kxf1 Bd6 8.
Nf3 O-O 9. Nc3 Re8 10. g3 c5 11. Qd3 Bf8 12. Kg2 d6 13. Nd2 Qc8 14. Nc4 Na6 15.
e4 b5 16. Nxb5 Nxe4 17. f3 Qh3+ 18. Kxh3 Nf2+ 19. Kg2 Nxd3 20. Be3 Nxb2 21.
Nxb2 Rxe3 22. Nc4 Rb3 23. Rab1 Rxb1 24. Rxb1 Rb8 25. Rb2 Rb7 26. Na5 Rb6 27.
Nc4 Rb7 1/2-1/2